Normal view MARC view
  • UPADHAYAY, A.K.

Entry Personal Name

Number of records used in: 1

001 - CONTROL NUMBER

  • control field: 3816

003 - CONTROL NUMBER IDENTIFIER

  • control field: OSt

005 - DATE AND TIME OF LATEST TRANSACTION

  • control field: 20170401171600.0

008 - FIXED-LENGTH DATA ELEMENTS

  • fixed length control field: 170401|| aca||aabn | a|a d

040 ## - CATALOGING SOURCE

  • Original cataloging agency: OSt
  • Transcribing agency: OSt

100 ## - HEADING--PERSONAL NAME

  • Personal name: UPADHAYAY, A.K.

670 ## - SOURCE DATA FOUND

  • Source citation: Work cat.: (OSt): UPADHAYAY, A.K., STEEL STRUCTURES (DESING AND DRAWING)